Statistiques concernant Groupes dans Toriko

Cliquez ici pour prendre le quiz!

Statistiques générales

  • Ce quiz a été pris 18 fois
  • Le résultat moyen est 13 sur 31

Statistiques - réponses

Réponse% Correct
Toriko
100%
Coco
86%
Setsuno
71%
Terry Cloth
71%
Zebra
71%
Kiss
57%
Queen
57%
Sunny
57%
Tommyrod
57%
Brunch le Tengu
43%
Chin Chinchin
43%
Chiyo
43%
Grinpatch
43%
Malisman
43%
Mappy
43%
Starjune
43%
Zaus
43%
Ahmon
29%
Apollon
29%
Damala Sky (Treizième du nom)
29%
Kitt
29%
Môyan Shaïshaï
29%
Nomarch
29%
Painomi
29%
Patch
29%
Toppo
29%
Yuda
29%
Dinner l'Ogre Bleu
14%
Noppekichi
14%
Nosh le Kappa
14%
Takeshi
14%

Distribution des résultats

Percentile par nombre de réponses

% des personnes avec chaque résultat

Votre développement - résultats

Vous n’avez pas pris ce quiz